[Event "Russian Rapid Championship (w)"]
[Site "Sochi"]
[Date "2022.10.15"]
[Round "2.7"]
[White "Kharashuta, Ekaterina"]
[Black "Styazhkina, Anna"]
[Result "0-1"]
[BlackElo "2071"]
[WhiteElo "2241"]
[LiveChessVersion "1.4.8"]

1. Nf3 {[%clk 0:15:19]} d5 {[%clk 0:15:15]} 2. g3 {[%clk 0:15:26]} c6
{[%clk 0:15:19]} 3. Bg2 {[%clk 0:15:34]} Bg4 {[%clk 0:15:20]} 4. c4
{[%clk 0:15:26]} dxc4 {[%clk 0:14:16]} 5. Na3 {[%clk 0:12:13]} Nd7
{[%clk 0:10:30]} 6. Nxc4 {[%clk 0:12:01]} Bxf3 {[%clk 0:10:09]} 7. Bxf3
{[%clk 0:12:01]} e5 {[%clk 0:10:09]} 8. a4 {[%clk 0:11:05]} a5 {[%clk 0:08:49]}
9. O-O {[%clk 0:10:37]} Ngf6 {[%clk 0:07:43]} 10. d3 {[%clk 0:08:20]} Bc5
{[%clk 0:06:32]} 11. Bd2 {[%clk 0:08:24]} O-O {[%clk 0:03:48]} 12. Rc1
{[%clk 0:08:07]} Re8 {[%clk 0:02:42]} 13. Qe1 {[%clk 0:07:55]} e4
{[%clk 0:01:50]} 14. dxe4 {[%clk 0:06:51]} Nxe4 {[%clk 0:01:47]} 15. Bxe4
{[%clk 0:06:29]} Rxe4 {[%clk 0:01:55]} 16. Nxa5 {[%clk 0:06:32]} Qe7
{[%clk 0:01:13]} 17. e3 {[%clk 0:04:06]} Ne5 {[%clk 0:00:31]} 18. Qe2
{[%clk 0:04:10]} Rd8 {[%clk 0:00:39]} 19. Nb3 {[%clk 0:03:53]} Ba7
{[%clk 0:00:37]} 20. Ba5 {[%clk 0:03:33]} Re8 {[%clk 0:00:36]} 21. Bd2
{[%clk 0:01:53]} Qf6 {[%clk 0:00:27]} 22. Bc3 {[%clk 0:01:34]} Qf5
{[%clk 0:00:23]} 23. Kg2 {[%clk 0:01:13]} Rxa4 {[%clk 0:00:28]} 24. Ra1
{[%clk 0:01:18]} Rxa1 {[%clk 0:00:35]} 25. Rxa1 {[%clk 0:01:26]} Bb6
{[%clk 0:00:42]} 26. Bd4 {[%clk 0:01:09]} Bxd4 {[%clk 0:00:41]} 27. Nxd4
{[%clk 0:01:18]} Qe4+ {[%clk 0:00:50]} 28. f3 {[%clk 0:01:11]} Qd5
{[%clk 0:00:56]} 29. Ra3 {[%clk 0:00:53]} Nc4 {[%clk 0:00:51]} 30. Rd3
{[%clk 0:00:43]} h6 {[%clk 0:00:59]} 31. e4 {[%clk 0:00:50]} Qa5 {[%clk 0:00:57]}
32. Nf5 {[%clk 0:00:56]} Qxf5 {[%clk 0:00:43]} 33. Rb3 {[%clk 0:00:53]} b5
{[%clk 0:00:34]} 34. Rc3 {[%clk 0:00:51]} Qe6 {[%clk 0:00:35]} 35. b3
{[%clk 0:00:47]} Ne5 {[%clk 0:00:35]} 36. Qc2 {[%clk 0:00:47]} Rd8
{[%clk 0:00:27]} 37. f4 {[%clk 0:00:42]} Ng4 {[%clk 0:00:35]} 38. h3
{[%clk 0:00:50]} Nf6 {[%clk 0:00:43]} 39. Rxc6 {[%clk 0:00:54]} Qxe4+
{[%clk 0:00:50]} 40. Qxe4 {[%clk 0:01:01]} Nxe4 {[%clk 0:00:59]} 41. Rb6
{[%clk 0:00:56]} Rd5 {[%clk 0:01:05]} 42. b4 {[%clk 0:00:59]} Nd2
{[%clk 0:00:44]} 43. Rb8+ {[%clk 0:01:05]} Kh7 {[%clk 0:00:53]} 44. Kf2
{[%clk 0:01:05]} Nc4 {[%clk 0:00:50]} 45. Kf3 {[%clk 0:00:47]} Kg6
{[%clk 0:00:51]} 46. Ke4 {[%clk 0:00:47]} Rd1 {[%clk 0:00:36]} 47. g4
{[%clk 0:00:51]} Rb1 {[%clk 0:00:31]} 48. h4 {[%clk 0:00:38]} Rxb4
{[%clk 0:00:37]} 49. h5+ {[%clk 0:00:44]} Kh7 {[%clk 0:00:46]} 50. g5
{[%clk 0:00:30]} hxg5 {[%clk 0:00:21]} 51. fxg5 {[%clk 0:00:39]} g6
{[%clk 0:00:21]} 52. h6 {[%clk 0:00:40]} Nd2+ {[%clk 0:00:21]} 53. Kd5
{[%clk 0:00:29]} Nf3 {[%clk 0:00:23]} 54. Rb7 {[%clk 0:00:24]} Nxg5
{[%clk 0:00:30]} 55. Ke5 {[%clk 0:00:32]} Kxh6 {[%clk 0:00:36]} 0-1

[Event "Russian Rapid Championship (w)"]
[Site "Sochi"]
[Date "2022.10.15"]
[Round "2.8"]
[White "Chekmareva, Liya"]
[Black "Kovanova, Baira"]
[Result "1/2-1/2"]
[BlackElo "2231"]
[WhiteElo "2056"]
[LiveChessVersion "1.4.8"]

1. e4 {[%clk 0:15:17]} e5 {[%clk 0:15:18]} 2. Nf3 {[%clk 0:15:25]} Nc6
{[%clk 0:15:26]} 3. Bc4 {[%clk 0:15:31]} Bc5 {[%clk 0:15:32]} 4. c3
{[%clk 0:15:38]} Nf6 {[%clk 0:15:39]} 5. d3 {[%clk 0:15:46]} d6 {[%clk 0:15:47]}
6. h3 {[%clk 0:15:45]} a6 {[%clk 0:15:45]} 7. Bb3 {[%clk 0:15:53]} h6
{[%clk 0:15:45]} 8. Nbd2 {[%clk 0:15:59]} Ba7 {[%clk 0:14:45]} 9. Nf1
{[%clk 0:16:01]} Be6 {[%clk 0:14:41]} 10. Ng3 {[%clk 0:16:06]} Qd7
{[%clk 0:14:18]} 11. Qe2 {[%clk 0:14:59]} Ne7 {[%clk 0:13:44]} 12. d4
{[%clk 0:14:38]} Bxb3 {[%clk 0:12:26]} 13. axb3 {[%clk 0:14:36]} exd4
{[%clk 0:11:58]} 14. Nxd4 {[%clk 0:13:20]} Bxd4 {[%clk 0:09:49]} 15. cxd4
{[%clk 0:13:29]} Nc6 {[%clk 0:09:58]} 16. Be3 {[%clk 0:11:44]} d5
{[%clk 0:09:56]} 17. e5 {[%clk 0:11:06]} Ne4 {[%clk 0:09:52]} 18. Nh5
{[%clk 0:08:21]} g6 {[%clk 0:07:49]} 19. Nf4 {[%clk 0:07:57]} O-O-O
{[%clk 0:06:53]} 20. O-O {[%clk 0:06:49]} Nb8 {[%clk 0:06:44]} 21. Ra5
{[%clk 0:06:03]} c6 {[%clk 0:05:56]} 22. Rc1 {[%clk 0:05:58]} b5 {[%clk 0:04:41]}
23. Nd3 {[%clk 0:04:37]} f5 {[%clk 0:02:58]} 24. Nb4 {[%clk 0:02:52]} Kb7
{[%clk 0:01:25]} 25. Rca1 {[%clk 0:02:49]} g5 {[%clk 0:01:20]} 26. Nxa6
{[%clk 0:02:41]} Nxa6 {[%clk 0:01:28]} 27. Rxa6 {[%clk 0:02:50]} Ra8
{[%clk 0:01:36]} 28. Rxa8 {[%clk 0:02:50]} Rxa8 {[%clk 0:01:45]} 29. Rxa8
{[%clk 0:02:38]} Kxa8 {[%clk 0:01:54]} 30. Bd2 {[%clk 0:01:47]} Qa7
{[%clk 0:01:41]} 31. Bc3 {[%clk 0:00:55]} Qa1+ {[%clk 0:01:33]} 32. Kh2
{[%clk 0:01:02]} Qc1 {[%clk 0:01:38]} 33. e6 {[%clk 0:00:56]} Qf4+
{[%clk 0:01:16]} 34. g3 {[%clk 0:01:05]} Qd6 {[%clk 0:01:11]} 1/2-1/2

[Event "Russian Rapid Championship (w)"]
[Site "Sochi"]
[Date "2022.10.15"]
[Round "3.1"]
[White "Girya, Olga"]
[Black "Tomilova, Elena"]
[Result "1-0"]
[BlackElo "2129"]
[WhiteElo "2298"]
[LiveChessVersion "1.4.8"]

1. d4 {[%clk 0:15:19]} Nf6 {[%clk 0:15:18]} 2. Nf3 {[%clk 0:15:28]} b6
{[%clk 0:15:23]} 3. g3 {[%clk 0:15:35]} Bb7 {[%clk 0:15:29]} 4. Bg2
{[%clk 0:15:44]} g6 {[%clk 0:15:38]} 5. c4 {[%clk 0:15:48]} Bg7 {[%clk 0:15:46]}
6. O-O {[%clk 0:14:48]} O-O {[%clk 0:15:53]} 7. d5 {[%clk 0:12:15]} Na6
{[%clk 0:15:48]} 8. Nc3 {[%clk 0:12:18]} Nc5 {[%clk 0:15:44]} 9. Nd4
{[%clk 0:12:04]} a5 {[%clk 0:15:41]} 10. e4 {[%clk 0:11:41]} e5 {[%clk 0:14:38]}
11. Nb3 {[%clk 0:11:24]} d6 {[%clk 0:14:43]} 12. Nxc5 {[%clk 0:10:56]} bxc5
{[%clk 0:14:37]} 13. Bg5 {[%clk 0:10:23]} h6 {[%clk 0:14:27]} 14. Be3
{[%clk 0:10:27]} Ba6 {[%clk 0:14:21]} 15. b3 {[%clk 0:10:32]} Kh7
{[%clk 0:14:04]} 16. Rc1 {[%clk 0:09:24]} Nd7 {[%clk 0:13:45]} 17. Qc2
{[%clk 0:09:07]} Bc8 {[%clk 0:12:43]} 18. f3 {[%clk 0:08:34]} Kh8
{[%clk 0:12:31]} 19. Bh3 {[%clk 0:08:02]} Nb6 {[%clk 0:11:26]} 20. Bxc8
{[%clk 0:08:06]} Qxc8 {[%clk 0:11:33]} 21. Qd2 {[%clk 0:07:07]} Kh7
{[%clk 0:11:29]} 22. a4 {[%clk 0:07:08]} f5 {[%clk 0:10:33]} 23. exf5
{[%clk 0:06:51]} gxf5 {[%clk 0:10:35]} 24. Kh1 {[%clk 0:06:59]} Nd7
{[%clk 0:09:47]} 25. Qc2 {[%clk 0:06:28]} Kh8 {[%clk 0:09:32]} 26. g4
{[%clk 0:05:47]} Nf6 {[%clk 0:08:39]} 27. Qxf5 {[%clk 0:05:11]} Qxf5
{[%clk 0:08:36]} 28. gxf5 {[%clk 0:05:20]} Ne8 {[%clk 0:07:40]} 29. f4
{[%clk 0:04:32]} Rxf5 {[%clk 0:07:37]} 30. fxe5 {[%clk 0:04:38]} Rxe5
{[%clk 0:07:32]} 31. Bf4 {[%clk 0:04:41]} Re7 {[%clk 0:07:03]} 32. Nb5
{[%clk 0:04:50]} Kh7 {[%clk 0:04:02]} 33. Rce1 {[%clk 0:04:54]} Rxe1
{[%clk 0:04:01]} 34. Rxe1 {[%clk 0:05:03]} Bf6 {[%clk 0:03:46]} 35. Bd2
{[%clk 0:04:20]} Be5 {[%clk 0:02:59]} 36. Re2 {[%clk 0:03:51]} Kg6
{[%clk 0:02:01]} 37. Kg2 {[%clk 0:03:59]} h5 {[%clk 0:01:50]} 38. Kf3
{[%clk 0:03:58]} Kf5 {[%clk 0:01:41]} 39. Rg2 {[%clk 0:03:55]} Kf6
{[%clk 0:01:28]} 40. h3 {[%clk 0:03:30]} Kf7 {[%clk 0:01:10]} 41. Rg5
{[%clk 0:03:30]} h4 {[%clk 0:01:12]} 42. Ke2 {[%clk 0:03:02]} Bf6
{[%clk 0:01:06]} 43. Rg4 {[%clk 0:03:02]} Ra6 {[%clk 0:00:47]} 44. Kd3
{[%clk 0:03:02]} Ra8 {[%clk 0:00:40]} 45. Re4 {[%clk 0:03:01]} Ra6
{[%clk 0:00:43]} 46. Rxe8 {[%clk 0:03:01]} Kxe8 {[%clk 0:00:43]} 47. Nxc7+
{[%clk 0:03:10]} Kd7 {[%clk 0:00:50]} 48. Nxa6 {[%clk 0:03:19]} Kc8
{[%clk 0:00:47]} 49. Bxa5 {[%clk 0:03:27]} Kb7 {[%clk 0:00:54]} 50. Nc7
{[%clk 0:03:28]} Bd8 {[%clk 0:00:58]} 51. Nb5 {[%clk 0:03:36]} Bxa5
{[%clk 0:01:03]} 52. Nxd6+ {[%clk 0:03:45]} Kc7 {[%clk 0:01:08]} 53. Ne4
{[%clk 0:03:35]} Kb6 {[%clk 0:01:08]} 54. Ke3 {[%clk 0:03:37]} Be1
{[%clk 0:01:06]} 55. Ke2 {[%clk 0:03:46]} Bb4 {[%clk 0:01:13]} 56. Kf3
{[%clk 0:03:55]} Ba5 {[%clk 0:01:09]} 57. Kg4 {[%clk 0:04:02]} Be1
{[%clk 0:01:16]} 58. Ng5 {[%clk 0:04:08]} 1-0

[Event "Russian Rapid Championship (w)"]
[Site "Sochi"]
[Date "2022.10.15"]
[Round "3.2"]
[White "Karmanova, Olga Dm."]
[Black "Voit, Daria"]
[Result "0-1"]
[BlackElo "2297"]
[WhiteElo "2096"]
[LiveChessVersion "1.4.8"]

1. d4 {[%clk 0:12:25]} Nf6 {[%clk 0:14:42]} 2. c4 {[%clk 0:12:34]} e6
{[%clk 0:14:50]} 3. g3 {[%clk 0:12:42]} d5 {[%clk 0:14:58]} 4. Bg2
{[%clk 0:12:51]} Bb4+ {[%clk 0:15:03]} 5. Bd2 {[%clk 0:12:57]} Bd6
{[%clk 0:15:09]} 6. Nf3 {[%clk 0:13:04]} c6 {[%clk 0:15:17]} 7. Qc2
{[%clk 0:13:12]} Nbd7 {[%clk 0:15:25]} 8. O-O {[%clk 0:13:19]} O-O
{[%clk 0:15:32]} 9. Rd1 {[%clk 0:13:24]} dxc4 {[%clk 0:14:47]} 10. Qxc4
{[%clk 0:13:32]} e5 {[%clk 0:14:56]} 11. dxe5 {[%clk 0:13:30]} Nxe5
{[%clk 0:15:01]} 12. Nxe5 {[%clk 0:13:19]} Bxe5 {[%clk 0:15:09]} 13. Qc2
{[%clk 0:13:27]} Qb6 {[%clk 0:13:13]} 14. Bc3 {[%clk 0:13:20]} Ng4
{[%clk 0:12:51]} 15. e3 {[%clk 0:13:10]} Be6 {[%clk 0:12:34]} 16. Nd2
{[%clk 0:12:35]} Rad8 {[%clk 0:11:57]} 17. Ne4 {[%clk 0:10:59]} Rxd1+
{[%clk 0:07:47]} 18. Rxd1 {[%clk 0:09:46]} Bxa2 {[%clk 0:07:44]} 19. Ng5
{[%clk 0:09:51]} g6 {[%clk 0:07:48]} 20. Qa4 {[%clk 0:08:45]} Bxc3
{[%clk 0:07:15]} 21. bxc3 {[%clk 0:08:16]} Bb3 {[%clk 0:04:08]} 22. Qxg4
{[%clk 0:08:22]} Bxd1 {[%clk 0:04:17]} 23. Qxd1 {[%clk 0:08:30]} Rd8
{[%clk 0:03:41]} 24. Qf3 {[%clk 0:07:27]} Qb1+ {[%clk 0:03:49]} 25. Bf1
{[%clk 0:07:35]} Qf5 {[%clk 0:03:57]} 26. Qxf5 {[%clk 0:05:49]} gxf5
{[%clk 0:04:05]} 27. Kg2 {[%clk 0:05:44]} b5 {[%clk 0:04:06]} 28. Nf3
{[%clk 0:05:32]} a6 {[%clk 0:02:52]} 29. Ne5 {[%clk 0:05:16]} c5 {[%clk 0:02:55]}
30. Nc6 {[%clk 0:05:08]} Rd2 {[%clk 0:02:02]} 31. Na5 {[%clk 0:01:56]} c4
{[%clk 0:00:56]} 32. Nc6 {[%clk 0:01:58]} Ra2 {[%clk 0:01:02]} 33. Kf3
{[%clk 0:01:41]} a5 {[%clk 0:01:02]} 34. Bh3 {[%clk 0:01:33]} a4 {[%clk 0:01:10]}
35. Bxf5 {[%clk 0:01:39]} a3 {[%clk 0:01:16]} 36. Nb4 {[%clk 0:01:45]} Rb2
{[%clk 0:01:24]} 37. Bd7 {[%clk 0:01:06]} Rxb4 {[%clk 0:01:26]} 38. cxb4
{[%clk 0:01:15]} a2 {[%clk 0:01:35]} 39. Bxb5 {[%clk 0:01:23]} a1=Q
{[%clk 0:01:42]} 40. Bxc4 {[%clk 0:01:32]} Qa4 {[%clk 0:01:37]} 41. Be2
{[%clk 0:01:10]} Qxb4 {[%clk 0:01:45]} 42. Kg2 {[%clk 0:01:19]} h6
{[%clk 0:01:51]} 43. Bf3 {[%clk 0:01:26]} f6 {[%clk 0:02:00]} 44. Bd5+
{[%clk 0:01:33]} Kf8 {[%clk 0:02:09]} 45. Bf3 {[%clk 0:01:42]} Ke7
{[%clk 0:02:18]} 46. g4 {[%clk 0:01:01]} Kd6 {[%clk 0:02:26]} 47. h3
{[%clk 0:01:10]} Kc5 {[%clk 0:02:33]} 48. Kg3 {[%clk 0:01:18]} Qb8+
{[%clk 0:02:36]} 49. Kg2 {[%clk 0:01:20]} Kc4 {[%clk 0:02:45]} 50. Be4
{[%clk 0:01:05]} Kc3 {[%clk 0:02:53]} 51. Bf5 {[%clk 0:01:08]} Kd2
{[%clk 0:03:01]} 52. Kf3 {[%clk 0:01:16]} Qh2 {[%clk 0:03:08]} 0-1

[Event "Russian Rapid Championship (w)"]
[Site "Sochi"]
[Date "2022.10.15"]
[Round "3.3"]
[White "Bodnaruk, Anastasia"]
[Black "Maletina, Tatiana"]
[Result "1-0"]
[BlackElo "2116"]
[WhiteElo "2278"]
[LiveChessVersion "1.4.8"]

1. e4 {[%clk 0:15:19]} e6 {[%clk 0:15:19]} 2. d4 {[%clk 0:15:27]} d5
{[%clk 0:15:27]} 3. e5 {[%clk 0:15:36]} c5 {[%clk 0:15:36]} 4. c3
{[%clk 0:15:45]} Nc6 {[%clk 0:15:45]} 5. Nf3 {[%clk 0:15:54]} Qb6
{[%clk 0:15:54]} 6. Bd3 {[%clk 0:15:53]} Bd7 {[%clk 0:15:49]} 7. O-O
{[%clk 0:15:40]} cxd4 {[%clk 0:15:57]} 8. Re1 {[%clk 0:15:05]} dxc3
{[%clk 0:15:10]} 9. Nxc3 {[%clk 0:14:57]} a6 {[%clk 0:14:07]} 10. Ng5
{[%clk 0:13:37]} Nh6 {[%clk 0:12:45]} 11. Nxh7 {[%clk 0:09:59]} O-O-O
{[%clk 0:11:57]} 12. Bg5 {[%clk 0:07:56]} Be7 {[%clk 0:11:02]} 13. Na4
{[%clk 0:07:44]} Qa7 {[%clk 0:09:09]} 14. Bxe7 {[%clk 0:06:52]} Nxe7
{[%clk 0:09:18]} 15. Rc1+ {[%clk 0:07:01]} Kb8 {[%clk 0:09:27]} 16. Nc5
{[%clk 0:07:01]} Bb5 {[%clk 0:09:35]} 17. Bxb5 {[%clk 0:06:37]} axb5
{[%clk 0:09:22]} 18. Ng5 {[%clk 0:06:46]} b6 {[%clk 0:06:49]} 19. Nb3
{[%clk 0:05:51]} Qa4 {[%clk 0:06:30]} 20. Nd4 {[%clk 0:04:58]} Rc8
{[%clk 0:06:00]} 21. Qd3 {[%clk 0:03:45]} Rxc1 {[%clk 0:05:08]} 22. Rxc1
{[%clk 0:03:54]} Ng4 {[%clk 0:05:16]} 23. Nxf7 {[%clk 0:03:15]} Rxh2
{[%clk 0:05:19]} 24. Qc3 {[%clk 0:02:50]} Qc4 {[%clk 0:04:26]} 25. Qxc4
{[%clk 0:02:30]} bxc4 {[%clk 0:04:35]} 26. f3 {[%clk 0:02:38]} Nxe5
{[%clk 0:02:44]} 27. Nxe5 {[%clk 0:02:38]} Rh5 {[%clk 0:02:49]} 28. f4
{[%clk 0:02:37]} Rh6 {[%clk 0:02:40]} 29. b3 {[%clk 0:02:30]} cxb3
{[%clk 0:02:32]} 30. axb3 {[%clk 0:02:39]} Kb7 {[%clk 0:02:41]} 31. Nb5
{[%clk 0:02:36]} Nf5 {[%clk 0:02:47]} 32. Ra1 {[%clk 0:02:03]} Rh4
{[%clk 0:01:01]} 33. Ra7+ {[%clk 0:02:05]} Kc8 {[%clk 0:01:06]} 34. Nc6
{[%clk 0:02:06]} 1-0

[Event "Russian Rapid Championship (w)"]
[Site "Sochi"]
[Date "2022.10.15"]
[Round "3.4"]
[White "Kovalevskaya, Ekaterina"]
[Black "Sukhareva, Evgeniya"]
[Result "1-0"]
[BlackElo "2095"]
[WhiteElo "2257"]
[LiveChessVersion "1.4.8"]

1. Nf3 {[%clk 0:15:18]} Nf6 {[%clk 0:14:55]} 2. g3 {[%clk 0:15:26]} b6
{[%clk 0:15:02]} 3. Bg2 {[%clk 0:15:34]} Bb7 {[%clk 0:15:10]} 4. O-O
{[%clk 0:15:42]} e6 {[%clk 0:15:12]} 5. c4 {[%clk 0:15:48]} g6 {[%clk 0:15:06]}
6. Nc3 {[%clk 0:15:36]} Bg7 {[%clk 0:15:06]} 7. d4 {[%clk 0:15:38]} Ne4
{[%clk 0:15:12]} 8. Nxe4 {[%clk 0:15:18]} Bxe4 {[%clk 0:15:19]} 9. Bg5
{[%clk 0:15:26]} Qc8 {[%clk 0:15:16]} 10. Qd2 {[%clk 0:15:33]} O-O
{[%clk 0:15:12]} 11. Bh6 {[%clk 0:15:21]} d6 {[%clk 0:14:33]} 12. Qf4
{[%clk 0:14:11]} Qb7 {[%clk 0:11:54]} 13. Qh4 {[%clk 0:13:44]} Bxh6
{[%clk 0:08:54]} 14. Qxh6 {[%clk 0:13:49]} f6 {[%clk 0:06:02]} 15. Bh3
{[%clk 0:10:42]} Re8 {[%clk 0:04:18]} 16. Nd2 {[%clk 0:10:04]} Bc6
{[%clk 0:04:07]} 17. e4 {[%clk 0:08:01]} Bd7 {[%clk 0:02:04]} 18. Bg2
{[%clk 0:06:22]} e5 {[%clk 0:01:56]} 19. f4 {[%clk 0:06:11]} Nc6 {[%clk 0:01:01]}
20. fxe5 {[%clk 0:06:13]} fxe5 {[%clk 0:00:54]} 21. Rf7 {[%clk 0:04:55]} Kxf7
{[%clk 0:00:30]} 22. Qxh7+ {[%clk 0:05:02]} Kf8 {[%clk 0:00:13]} 23. Rf1+
{[%clk 0:04:50]} Bf5 {[%clk 0:00:21]} 24. exf5 {[%clk 0:04:57]} g5
{[%clk 0:00:11]} 25. Bd5 {[%clk 0:04:45]} 1-0

[Event "Russian Rapid Championship (w)"]
[Site "Sochi"]
[Date "2022.10.15"]
[Round "3.5"]
[White "Smirnova, Ekaterina"]
[Black "Vasilevich, Tatjana"]
[Result "0-1"]
[BlackElo "2226"]
[WhiteElo "2088"]
[LiveChessVersion "1.4.8"]

1. d4 {[%clk 0:15:18]} Nf6 {[%clk 0:15:19]} 2. c4 {[%clk 0:15:26]} g6
{[%clk 0:15:22]} 3. Nc3 {[%clk 0:15:32]} Bg7 {[%clk 0:15:31]} 4. e4
{[%clk 0:15:37]} d6 {[%clk 0:15:40]} 5. Be2 {[%clk 0:15:41]} O-O {[%clk 0:15:43]}
6. Bg5 {[%clk 0:15:44]} c5 {[%clk 0:15:41]} 7. d5 {[%clk 0:15:00]} h6
{[%clk 0:15:26]} 8. Bf4 {[%clk 0:15:08]} Na6 {[%clk 0:14:58]} 9. Qd2
{[%clk 0:15:10]} Kh7 {[%clk 0:15:06]} 10. Nf3 {[%clk 0:15:09]} Nc7
{[%clk 0:14:44]} 11. O-O {[%clk 0:15:06]} a6 {[%clk 0:11:14]} 12. a4
{[%clk 0:15:12]} Nh5 {[%clk 0:11:02]} 13. Be3 {[%clk 0:15:02]} Bd7
{[%clk 0:11:06]} 14. a5 {[%clk 0:15:04]} Rb8 {[%clk 0:11:10]} 15. Ne1
{[%clk 0:13:22]} Nf6 {[%clk 0:11:10]} 16. Nd3 {[%clk 0:13:19]} Nfe8
{[%clk 0:08:03]} 17. f4 {[%clk 0:12:21]} b5 {[%clk 0:07:50]} 18. axb6
{[%clk 0:12:24]} Rxb6 {[%clk 0:07:59]} 19. e5 {[%clk 0:11:47]} Bf5
{[%clk 0:07:35]} 20. g4 {[%clk 0:10:33]} Bxd3 {[%clk 0:07:43]} 21. Bxd3
{[%clk 0:10:41]} dxe5 {[%clk 0:04:19]} 22. Bxc5 {[%clk 0:10:30]} Rf6
{[%clk 0:04:08]} 23. f5 {[%clk 0:09:00]} Nd6 {[%clk 0:03:51]} 24. Bxd6
{[%clk 0:08:49]} Rxd6 {[%clk 0:03:33]} 25. Ne4 {[%clk 0:08:49]} Rb6
{[%clk 0:03:32]} 26. fxg6+ {[%clk 0:08:06]} fxg6 {[%clk 0:03:30]} 27. Rxf8
{[%clk 0:07:28]} Qxf8 {[%clk 0:03:36]} 28. Rf1 {[%clk 0:07:32]} Qc8
{[%clk 0:03:17]} 29. h3 {[%clk 0:07:34]} Qb8 {[%clk 0:02:53]} 30. Rf2
{[%clk 0:07:21]} Ne8 {[%clk 0:02:51]} 31. c5 {[%clk 0:07:09]} Rb4
{[%clk 0:02:40]} 32. Qc2 {[%clk 0:05:54]} Kh8 {[%clk 0:02:24]} 33. c6
{[%clk 0:04:41]} Nc7 {[%clk 0:02:11]} 34. d6 {[%clk 0:02:07]} exd6
{[%clk 0:02:08]} 35. Nxd6 {[%clk 0:02:15]} e4 {[%clk 0:01:39]} 36. Nf7+
{[%clk 0:02:19]} Kg8 {[%clk 0:01:36]} 37. Nxh6+ {[%clk 0:01:37]} Bxh6
{[%clk 0:01:33]} 38. Bc4+ {[%clk 0:01:45]} Kh8 {[%clk 0:01:29]} 39. Qxe4
{[%clk 0:01:42]} Qe8 {[%clk 0:00:27]} 40. Qd4+ {[%clk 0:00:29]} Bg7
{[%clk 0:00:35]} 41. Qc5 {[%clk 0:00:27]} Rxb2 {[%clk 0:00:31]} 42. Rxb2
{[%clk 0:00:21]} Bxb2 {[%clk 0:00:40]} 43. Qd6 {[%clk 0:00:25]} Qe1+
{[%clk 0:00:41]} 44. Bf1 {[%clk 0:00:30]} Qe3+ {[%clk 0:00:45]} 45. Kg2
{[%clk 0:00:35]} Qe4+ {[%clk 0:00:52]} 46. Kg1 {[%clk 0:00:22]} Bd4+
{[%clk 0:00:58]} 47. Kh2 {[%clk 0:00:22]} Be5+ {[%clk 0:01:07]} 0-1

[Event "Russian Rapid Championship (w)"]
[Site "Sochi"]
[Date "2022.10.15"]
[Round "3.6"]
[White "Lysenko, Margarita"]
[Black "Styazhkina, Anna"]
[Result "1-0"]
[BlackElo "2071"]
[WhiteElo "2204"]
[LiveChessVersion "1.4.8"]

1. d4 {[%clk 0:15:11]} d5 {[%clk 0:15:09]} 2. c4 {[%clk 0:15:18]} c6
{[%clk 0:15:15]} 3. Nf3 {[%clk 0:15:25]} Nf6 {[%clk 0:15:20]} 4. e3
{[%clk 0:15:31]} Bf5 {[%clk 0:15:22]} 5. Nc3 {[%clk 0:15:38]} e6 {[%clk 0:15:29]}
6. Nh4 {[%clk 0:15:45]} Bg6 {[%clk 0:15:36]} 7. Be2 {[%clk 0:15:09]} Bd6
{[%clk 0:15:08]} 8. g3 {[%clk 0:14:34]} Nbd7 {[%clk 0:14:52]} 9. O-O
{[%clk 0:14:18]} Bc7 {[%clk 0:12:38]} 10. b3 {[%clk 0:08:59]} Qe7
{[%clk 0:11:41]} 11. Bb2 {[%clk 0:07:11]} Be4 {[%clk 0:07:09]} 12. Nxe4
{[%clk 0:04:38]} Nxe4 {[%clk 0:07:13]} 13. Bd3 {[%clk 0:02:45]} f5
{[%clk 0:05:06]} 14. Qh5+ {[%clk 0:01:30]} Qf7 {[%clk 0:04:53]} 15. Qxf7+
{[%clk 0:01:36]} Kxf7 {[%clk 0:05:01]} 16. Rac1 {[%clk 0:00:37]} Rac8
{[%clk 0:04:06]} 17. f3 {[%clk 0:00:39]} Nef6 {[%clk 0:03:59]} 18. e4
{[%clk 0:00:25]} g6 {[%clk 0:03:38]} 19. Ng2 {[%clk 0:00:23]} Rhe8
{[%clk 0:02:32]} 20. Ne3 {[%clk 0:00:19]} Kg8 {[%clk 0:02:07]} 21. e5
{[%clk 0:00:22]} Nh5 {[%clk 0:01:51]} 22. cxd5 {[%clk 0:00:26]} cxd5
{[%clk 0:01:58]} 23. Bb5 {[%clk 0:00:27]} Red8 {[%clk 0:01:23]} 24. Rc2
{[%clk 0:00:25]} a6 {[%clk 0:01:30]} 25. Bxd7 {[%clk 0:00:27]} Rxd7
{[%clk 0:01:39]} 26. Rfc1 {[%clk 0:00:36]} Ng7 {[%clk 0:01:41]} 27. Ba3
{[%clk 0:00:32]} Ne8 {[%clk 0:01:37]} 28. Bd6 {[%clk 0:00:30]} Kf7
{[%clk 0:01:39]} 29. Kf2 {[%clk 0:00:27]} b5 {[%clk 0:00:34]} 30. Ke2
{[%clk 0:00:27]} a5 {[%clk 0:00:37]} 31. Rc6 {[%clk 0:00:27]} b4 {[%clk 0:00:17]}
32. R1c2 {[%clk 0:00:26]} g5 {[%clk 0:00:20]} 33. Nd1 {[%clk 0:00:27]} h5
{[%clk 0:00:20]} 34. Nb2 {[%clk 0:00:35]} g4 {[%clk 0:00:21]} 35. Na4
{[%clk 0:00:28]} Kg6 {[%clk 0:00:15]} 36. Nc5 {[%clk 0:00:20]} Bxd6
{[%clk 0:00:12]} 37. Nxd7 {[%clk 0:00:15]} 1-0